00848nam a22001937a 4500020001800000082001500018245010900033250001700142260006500159300002700224563000900251650002100260650003400281650003000315942001200345999001900357952013900376952013900515 a9788123926469 a614.1bPAR aParikh' Textbook of Medical Jurisprudence Forensic Medicine and Toxicology /cEdited by BV Subrahmanyam  a7th Edition. aNew Delhi :bCBS Publishers & Distributors (pvt) Ltd,c2016. a722 p. ;bill,c24 cm. aPBK. aToxicology92912 aMedical Jurisprudence9100519 aForensic Medicine9113457 2ddccBK c595153d595153 00102ddc4070aNSHSbNSHScGENd2023-07-07eMulti-Line Booksg1474.00o614.1 PARpNSHS-360r2023-07-07tc.1v2948.00w2023-07-07yBK 00102ddc4070aNSHSbNSHScGENd2023-07-07eMulti-Line Booksg1474.00o614.1 PARpNSHS-361r2023-07-07tc.2v2948.00w2023-07-07yBK